United Kingdom in Eurovision (1957-2025) - Statistics

General Stats
  • This quiz has been taken 13 times
  • The average score is 43 of 68
Answer Stats
Year Song title Result % Correct
1968 Congratulations 2
100%
1967 Puppet on a String 1
100%
1976 Save Your Kisses for Me 1
100%
1957 All 7
88%
1969 Boom Bang-a-Bang 1
88%
1981 Making Your Mind Up 1
88%
1977 Rock Bottom 2
88%
1959 Sing Little Birdie 2
88%
2022 Space Man 2
88%
1972 Beg, Steal or Borrow 2
75%
2013 Believe in Me 19
75%
1993 Better the Devil You Know 2
75%
2019 Bigger than Us 26
75%
2002 Come Back 3
75%
1988 Go 2
75%
2011 I Can 11
75%
2009 It's My Time 5
75%
1971 Jack in the Box 4
75%
1970 Knock, Knock (Who's There?) 2
75%
1974 Long Live Love 4
75%
1997 Love Shine a Light 1
75%
1973 Power to All Our Friends 3
75%
2015 Still in Love with You 24
75%
2018 Storm 24
75%
1998 Where Are You? 2
75%
1991 A Message to Your Heart 10
63%
2014 Children of the Universe 17
63%
2003 Cry Baby 26
63%
2024 Dizzy 18
63%
2000 Don't Play That Song Again 16
63%
2021 Embers 26
63%
2007 Flying the Flag (For You) 22
63%
1965 I Belong 2
63%
2023 I Wrote a Song 25
63%
1975 Let Me Be the One 2
63%
1995 Love City Groove 10
63%
1984 Love Games 7
63%
1985 Love Is 4
63%
2001 No Dream Impossible 15
63%
1996 Ooh Aah... Just a Little Bit 8
63%
1999 Say It Again 12
63%
2010 That Sounds Good to Me 25
63%
2005 Touch My Fire 22
63%
2025 What the Hell Just Happened? 19
63%
1961 Are You Sure? 2
50%
2008 Even If 25
50%
1990 Give a Little Love Back to the World 6
50%
2004 Hold On to Our Love 16
50%
1983 I'm Never Giving Up 6
50%
1960 Looking High, High, High 2
50%
1980 Love Enough for Two 3
50%
2012 Love Will Set You Free 25
50%
1979 Mary Ann 7
50%
2020 My Last Breath N/A
50%
2017 Never Give Up on You 15
50%
1986 Runner in the Night 7
50%
2006 Teenage Life 19
50%
1989 Why Do I Always Get It Wrong 2
50%
2016 You're Not Alone 24
50%
1966 A Man Without Love 9
38%
1982 One Step Further 7
38%
1992 One Step Out of Time 2
38%
1987 Only the Light 13
38%
1962 Ring-A-Ding Girl 4
38%
1963 Say Wonderful Things 4
38%
1978 The Bad Old Days 11
38%
1994 We Will Be Free (Lonely Symphony) 10
38%
1964 I Love the Little Things 2
25%
No matching quizzes found
Score Distribution
Percent of People with Each Score
Percentile by Number Answered
Your Score History
You have not taken this quiz